000 00916nam a2200265Ia 4500
003 OSt
005 20220918171413.0
006 a|||||r|||| 00| 0
007 ta
008 220917b |||||||| |||| 00| 0 eng d
020 _a9781780633244 (pbk)
_c4231.77
024 _a267,426
037 _bATB/1886, 28/12/2012, Ashutosh Technical Books
_cTextual
040 _aARTS
_cARTS
_beng
041 _2eng
_aeng
082 _aT:3(D65,8(2:55)), Q2
100 _aAndretta Susie
_936409
245 0 _aWays of experiencing information literacy
_b Making the case for a relational approach
260 _aOxford
_bChandos Publishing UK
_c2012
300 _axix, 220p.
_ccm.
490 _aChandos information professional series
650 _aLIBRARY SCIENCE
942 _hT:3(D65,8(2:55)), Q2
_cTEXL
_2CC
999 _c139448
_d139448